Quiz zu der Serie Lost - Statistiken

Allgemein
  • Dieses Quiz wurde 85 mal gespielt
  • Das Durchschnittsergebnis liegt bei 11 aus 15
Antwortstatistiken
Frage Antwort % Korrekt
Mit welchen Zahlen hat Hurley im Lotto gewonnen ? „4 8 15 16 23 42“
93%
Wie hieß Charlie‘s Band und Ihr berühmtestes Lied ? Drive Shaft, You all Everybody
89%
Warum saß Jack im Flugzeug ? Er wollte seinen toten Vater nach Hause bringen
89%
Wie viele Staffeln hat Lost ? 6
82%
Als wer gab sich Ben anfangs aus ? Henry Gale
81%
Wer war im Heckteil des Flugzeugs und kam daher erst in Staffel 2 zu den anderen Überlebenden? Libby, Ana-Lucia, Mr Eko und Bernard
79%
Von wo nach wo sollte Flug 815 Oceanic Airlines ursprünglich fliegen ? Sydney-Los Angeles
75%
Was ist mit Locke passiert ? Er wurde von Ben umgebracht und sein Körper wurde daraufhin von Jacobs bösem Bruder übernommen
74%
Wie hießen die beiden, die lebendig begraben wurden ? Nikki und Paulo
72%
Wie kam Richard auf die Insel? Mit dem Schiff „Black Rock“
67%
Wer gehörte nicht zu den Oceanic Six ? Claire
56%
Wie starb Michael ? Er starb bei der Explosion von Widmore‘s Frachter
56%
Was sagt Christian (Jack’s Vater) Jack in der letzten Folge der Serie in der Kirche ? Die wichtigste Zeit deines Lebens war die, die du mit diesen Menschen verbracht hast.
54%
In welchem Jahr lebten Sawyer, Juliet, Miles und Jin bei der Dharma Initiative ? 1977
47%
Wie nannte Sun ihre und Jin’s Tochter nach seinem Wunsch ? Ji Yeon
46%
Keine übereinstimmenden Quizze gefunden
Verteilung der Resultate
Anzahl Personen mit jedem Resultat
Perzentil nach korrekt beantworteten Fragen
Ihre Resultats-Entwicklung
Sie haben dieses Quiz noch nicht gespielt